000 00245nam a2200097Ia 4500
001 683937
005 20250826161448.0
008 250824s9999 xx 000 0 und d
245 0 _aAFRİKA RÜYASI
_cERNESTO CHE GUEVARA
260 _bEVEREST YAYINLARI
999 _c683937
_d683937